Online katalóg knižníc regiónu Turca

Dieťa ohňa (Record no. 22685)

MARC details
000 -LEADER
fixed length control field 01360cam a2200409 4500
001 - CONTROL NUMBER
control field 22685
003 - CONTROL NUMBER IDENTIFIER
control field SK-KTurca
005 - DATE AND TIME OF LATEST TRANSACTION
control field 20260415153513.0
008 - FIXED-LENGTH DATA ELEMENTS--GENERAL INFORMATION
fixed length control field 210624s2018 xo o gr 010 fdslo
015 ## - NATIONAL BIBLIOGRAPHY NUMBER
National bibliography number SNBA2019/07
020 ## - INTERNATIONAL STANDARD BOOK NUMBER
International Standard Book Number 9788055158549
Qualifying information (viazané)
035 ## - SYSTEM CONTROL NUMBER
System control number E08B9B0D-F6C8-49B1-9BEF-3D4E80541908
035 ## - SYSTEM CONTROL NUMBER
System control number urn:nbn:sk:snk-am3id95
035 ## - SYSTEM CONTROL NUMBER
System control number urn:nbn:sk:snk-am00e45p
040 ## - CATALOGING SOURCE
Original cataloging agency TTKJF
Language of cataloging slo
Modifying agency TTKJF
-- SNK
Description conventions rda
041 1# - LANGUAGE CODE
Language code of text/sound track or separate title slo
Language code of original eng
044 ## - COUNTRY OF PUBLISHING/PRODUCING ENTITY CODE
MARC country code xo
ISO country code SK
072 #7 - SUBJECT CATEGORY CODE
Subject category code 821.111-3
Subject category code subdivision Anglická próza, anglicky písaná
Source konspekt
080 ## - UNIVERSAL DECIMAL CLASSIFICATION NUMBER
Universal Decimal Classification number 821.111-31
Edition identifier 2011
080 ## - UNIVERSAL DECIMAL CLASSIFICATION NUMBER
Universal Decimal Classification number (0:82-312.4)
Edition identifier 2011
100 1# - MAIN ENTRY--PERSONAL NAME
Personal name Tremayne, S. K.,
Dates associated with a name 1963-
Relationship aut
240 14 - UNIFORM TITLE
Uniform title The Fire Child
Language of a work Slovensky
245 10 - TITLE STATEMENT
Title Dieťa ohňa
Statement of responsibility, etc. S. K. Tremayne ; preložila Tamara Chovanová
264 #1 - PRODUCTION, PUBLICATION, DISTRIBUTION, MANUFACTURE, AND COPYRIGHT NOTICE
Place of production, publication, distribution, manufacture Bratislava
Name of producer, publisher, distributor, manufacturer Ikar
Date of production, publication, distribution, manufacture, or copyright notice 2018
300 ## - PHYSICAL DESCRIPTION
Extent 357 strán
Other physical details fotografie
Dimensions 21 cm
336 ## - CONTENT TYPE
Content type term text
Content type code txt
Source rdacontent
337 ## - MEDIA TYPE
Media type term bez média
Media type code n
Source rdamedia
338 ## - CARRIER TYPE
Carrier type term zväzok
Carrier type code nc
Source rdacarrier
500 ## - GENERAL NOTE
General note Obsahuje biografické údaje o autorovi na prebale publikácie
655 #7 - INDEX TERM--GENRE/FORM
Genre/form data or focus term anglické romány
Source of term SNKPH
655 #7 - INDEX TERM--GENRE/FORM
Genre/form data or focus term trilery (romány)
Source of term SNKPH
655 #7 - INDEX TERM--GENRE/FORM
Genre/form data or focus term English fiction
Source of term SNKPHeng
655 #7 - INDEX TERM--GENRE/FORM
Genre/form data or focus term Thrillers (novels)
Source of term SNKPHeng
700 1# - ADDED ENTRY--PERSONAL NAME
Personal name Chovanová, Tamara,
Dates associated with a name 1953-
Relationship trl
700 1# - ADDED ENTRY--PERSONAL NAME
Personal name Kantorová-Báliková, Jana,
Dates associated with a name 1951-
Relationship trl
942 ## - ADDED ENTRY ELEMENTS (KOHA)
Source of classification or shelving scheme Dewey Decimal Classification
Koha item type Krásna literatúra pre dospelých
Suppress in OPAC No
Holdings
Stav vyradenia Strata Poškodenie Spôsob nadobudnutia Domovská knižnica Aktuálna knižnica Dátum nadobudnutia Total checkouts Čiarový kód exemplára Date last seen Typ exemplára
      Dar Obecná knižnica Folkušová Obecná knižnica Folkušová 15.04.2026   4734401071 15.04.2026 Krásna literatúra pre dospelých
Projekt je podporený Slovenskou asociáciou knižníc
Prevádzkuje Turčianska knižnica Martin 2026